Pager

Guardado en:
Detalles Bibliográficos
Autor principal: Pokorný, Zdenko (Autor)
Otros Autores: Krajčovič, Tibor, 1960- (Orientador)
Formato: Manuscrito Libro
Lenguaje:eslovaco
Publicado: Bratislava : STU v Bratislave FEI, 2000
Materias:
Etiquetas: Agregar Etiqueta
Sin Etiquetas, Sea el primero en etiquetar este registro!

MARC

LEADER 00000ntm a22000003a 4500
001 stu56794
005 20160719164819.2
008 010209s2000------------------------slo-d
040 |a STU  |b slo 
041 0 |a slo 
100 1 |a Pokorný, Zdenko  |4 aut 
245 1 |a Pager 
260 |a Bratislava :  |b STU v Bratislave FEI,  |c 2000 
300 |a 65 s  |c príl. 
650 7 |a informatika  |2 stusub 
700 1 |a Krajčovič, Tibor,  |d 1960-  |4 ths  |u E220  |U FEI Fakulta elektrotechniky a informatiky  |T FEI Katedra informatiky a výpočtovej techniky  |X 1869  |U E220  |Y 69  |7 1869 
996 |b EDIPL-6485  |c I*DIPL-6485  |l II680  |s A  |a 24  |w stu56794_0001